Minecraft Loot: Snowy Village - Statistics

General Stats
  • This quiz has been taken 11 times
  • The average score is 7 of 11
Answer Stats
Pool Item Stack Size Weight % Correct
1(3-8) Bread 1-4 19%
89%
1(3-8) Snowball 1-7 19%
89%
1(3-8) Emerald 1-4 1.9%
78%
2(1) Bundle 1 33%
67%
1(3-8) Coal 1-4 9.4%
67%
1(3-8) Snow Block 1 7.5%
67%
1(3-8) Beetroot Seeds 1-5 19%
56%
1(3-8) Potato 1-7 19%
56%
1(3-8) Furnace 1 1.9%
44%
1(3-8) Beetroot Soup 1 1.9%
33%
1(3-8) Blue Ice 1 1.9%
22%
No matching quizzes found
Score Distribution
Percent of People with Each Score
Percentile by Number Answered
Your Score History
You have not taken this quiz